| 000 | 00565nam a2200169Ia 4500 | ||
|---|---|---|---|
| 999 |
_c11784 _d11784 |
||
| 082 | _aTC.0204 | ||
| 100 | _aChaudhari, Neeta P. | ||
| 245 | 0 | _aComparative study of necessity of marriage and extent of marital adjustment among female of Mehsana and Ahmedabad districts of the Gujarat state | |
| 260 |
_c2011 _bHemchandracharya North Gujarat University, Gujarat |
||
| 300 | _a160 | ||
| 650 | _aMARRIAGE:GUJARAT | ||
| 650 | _aMARITAL STATUS | ||
| 650 | _aCOMMUNICATION IN MARRIAGE | ||
| 650 | _aMARITAL CONFLICT | ||
| 710 | _aAcharya, Manjari | ||
| 942 |
_cTH _2ddc |
||